| 000 | 00473nam a22001817a 4500 | ||
|---|---|---|---|
| 003 | CEME | ||
| 005 | 20210628202755.0 | ||
| 008 | 210204b xxu||||| |||| 00| 0 eng d | ||
| 020 | _a0-85142-443-0 | ||
| 040 | _c. | ||
| 082 | _a020 CRA | ||
| 100 |
_aCrawford, John _961546 |
||
| 245 | _aEvaluation of library and information services | ||
| 260 |
_aLONDON _bASLIB-IMI _c2000 |
||
| 300 | _aXI,136P | ||
| 650 |
_aLIBRARY AND INFORMATION SERVICES _961547 |
||
| 942 |
_cBK _2ddc |
||
| 999 |
_c570966 _d570966 |
||